000 00283nam a22001337a 4500
008 170419b xxu||||| |||| 00| 0 eng d
020 _a0669162930
041 _aeng
080 _a573
100 _a11
101 _aSHM
245 _aHEALTH BIOLOGY
_cMCLAREN, J.E
942 _2udc
_cBK
999 _c11150
_d11150